| 000 | 00524nam a22001697a 4500 | ||
|---|---|---|---|
| 999 |
_c8472 _d8472 |
||
| 008 | 201125b ||||| |||| 00| 0 eng d | ||
| 040 | _aBMS College of Architecture | ||
| 100 | _aKarthikeyan, Sakthivel | ||
| 245 | _aMusic conservatory Coimbatore | ||
| 300 | _aNA | ||
| 500 | _a1BM14AT089 | ||
| 502 |
_8B,Arch _NBMS College of Architecture, Visvesvaraya Technological University (VTU) _aProject report _d2018 |
||
| 650 | _aCoimbatore | ||
| 700 |
_aSachin Shetty _eGuide |
||
| 700 |
_aMamta Varma _eGuide |
||
| 942 |
_2ddc _cTHE |
||